=LDR 00000nam 2200000 4500 =001 INLIS000000000023857 =005 20240619021151 =035 ##$$a 0010-061300000023857 =008 240619################g##########0#ind## =041 ##$$a Ind =082 ##$$a 330.1 =090 ##$$a 330.109 598, Gun s =100 1#$$a Gunadi, Tom =245 1#$$a Sistem perekonomian menurut Pancasila dan UUD 1945 /$c Tom Gunadi =260 ##$$a Bandung :$b Angkasa,$c 1990 =300 ##$$a xxi, 441 hlm. ; $c 20 x 14 cm =650 #4$$a Ekonomi - Pancasila =850 ##$$a NBPNMAT =084 ##$$a 330.1 GUN s =250 ##$$a cet.1 =020 ##$$a 979-404-688-4 =990 ##$$a 00050430 =990 ##$$a 00055237 =990 ##$$a 00050430 =990 ##$$a 00055237 =990 ##$$a 54.907/Pro-93 =990 ##$$a 00055237 =990 ##$$a 00050430 =990 ##$$a 00055237